Daň z motorových vozidiel

Ekonomické vymedzenie pojmu daň z motorových vozidiel a podnikanie. Vznik daňovej povinnosti. Daňové priznanie. Platenie dane. Účtovné vymedzenie pojmu. Oceňovanie. Ilustračné príklady a prípadové štúdie.

Enregistré dans:
Détails bibliographiques
Auteur principal: Kastlerová, Sylvia
Format: Chapitre de livre
Langue:slovaque
Sujets:
Tags: Ajouter un tag
Pas de tags, Soyez le premier à ajouter un tag!

MARC

LEADER 00000naa$a2200000$$$4500
001 0051285
005 20240502071609.9
041 0 |a slo 
044 |a SK 
245 1 0 |a Daň z motorových vozidiel  |c Sylvia Kastlerová 
520 |a Ekonomické vymedzenie pojmu daň z motorových vozidiel a podnikanie. Vznik daňovej povinnosti. Daňové priznanie. Platenie dane. Účtovné vymedzenie pojmu. Oceňovanie. Ilustračné príklady a prípadové štúdie. 
610 2 0 |a podnikanie 
610 2 0 |a pojmy 
610 2 0 |a účtovanie 
610 2 0 |a zdaňovanie 
610 2 0 |a dane z vozidiel motorových 
610 2 0 |a sadzby daňové 
100 1 |a Kastlerová, Sylvia